Score 0/38 Timer 10:00
0 Plays Today
Stage Direction Play % Correct
Thunder and lightning. Enter three Witches.Macbeth
84.8%
Tybalt under [title character's] arm stabs Mercutio, and flees with his followers.Romeo and Juliet
80.8%
Pours the poison in his ears.Hamlet
70.7%
The Governor and some Citizens on the walls; the English forces below. Enter King Henry and his train.Henry V
63.3%
Canidius marcheth with his army one way over the stage, and Taurus, the lieutenant of Octavius Caesar, the other way. After their going in, is heard the noise of a sea-fight.Antony and Cleopatra
63%
Enter Ariel invisible, playing solemn music.The Tempest
59.3%
Enter Lion and Moonshine.A Midsummer Night's Dream
46.7%
Enter the Ghosts of the two young princes.Richard III
45.4%
He stifles her.Othello
45.4%
Exit, pursued by a bear.The Winter's Tale
42.9%
Hero swoons.Much Ado About Nothing
40.6%
He unlocks the golden casket.The Merchant of Venice
38.4%
Storm still.King Lear
36.4%
Enter a Messenger with two heads and a hand.Titus Andronicus
30.2%
Ajax offers to beat him.Troilus and Cressida
28.4%
Exeunt all, except Clown.Twelfth Night
27.1%
Pulls off the friar’s hood, and discovers Duke Vincentio.Measure for Measure
25.2%
... two Noblemen bearing great standing-bowls for the christening gifts; then four Noblemen bearing a canopy, under which the Duchess of Norfolk, godmother, bearing the child...Henry VIII
24%
Re-enter Lucius, with wine and taper.Julius Caesar
23.9%
Stage Direction Play % Correct
Re-enter Hortensio, with his head broke.The Taming of the Shrew
21.5%
Enter Launce, leading a dog.Two Gentlemen of Verona
21.4%
Enter a company of mutinous Citizens, with staves, clubs, and other weapons.Coriolanus
20.2%
Gets into the basket; they cover him with foul linen.The Merry Wives of Windsor
19.8%
Alarums, excursions. Enter the Bastard, with Austria’s head.King John
18.7%
Charles is thrown. Shout.As You Like It
17.4%
Beats them out, and then retires to his cave.Timon of Athens
17.1%
Diana appears to [title character] as in a vision.Pericles
15.6%
Enter Exton, with persons bearing a coffin.Richard II
15.4%
Enter Angelo with the chain.Comedy of Errors
15.2%
Gloucester offers to put up a bill; Bishop of Winchester snatches it, and tears it.1 Henry VI
15.1%
Enter Holofernes, for Judas, and Moth, for Hercules.Love's Labour's Lost
14.8%
Goes into the trunk. The scene closes.Cymbeline
14.4%
Enter Rumour, painted full of tongues.2 Henry IV
13.3%
He throws the bottle at him.1 Henry IV
11.9%
They seize and blindfold him.All's Well that Ends Well
11.3%
Enter a Townsman of Saint Alban’s, crying, ‘A miracle!’2 Henry VI
11.2%
Enter a Father that has killed his son, bringing in the body.3 Henry VI
10.4%
Here the hind vanishes under the altar and in the place ascends a rose tree having one rose upon it.Two Noble Kinsmen
7.5%
Remove Ads.
Support Sporcle.
Get the best of Sporcle when you Go Orange. This ad-free experience offers more features, more stats, and more fun while also helping to support Sporcle. Thank you for becoming a member.

You're not logged in!

Compare scores with friends on all Sporcle quizzes.
OR
Log In

Show Comments

Extras

Top Quizzes Today


Score Distribution

Your Account Isn't Verified!

In order to create a playlist on Sporcle, you need to verify the email address you used during registration. Go to your Sporcle Settings to finish the process.

Report this User

Report this user for behavior that violates our Community Guidelines.

Details: